Languages are good for you / (Record no. 10582)
[ view plain ]
| 000 -LEADER | |
|---|---|
| fixed length control field | 01210cam a22003737i 4500 |
| 001 - CONTROL NUMBER | |
| control field | 21885286 |
| 003 - CONTROL NUMBER IDENTIFIER | |
| control field | GZU |
| 005 - DATE AND TIME OF LATEST TRANSACTION | |
| control field | 20220609123018.0 |
| 008 - FIXED-LENGTH DATA ELEMENTS--GENERAL INFORMATION | |
| fixed length control field | 200214s2021 enkab b 001 0 eng d |
| 010 ## - LIBRARY OF CONGRESS CONTROL NUMBER | |
| LC control number | 2020445958 |
| 015 ## - NATIONAL BIBLIOGRAPHY NUMBER | |
| National bibliography number | GBC052298 |
| Source | bnb |
| 016 7# - NATIONAL BIBLIOGRAPHIC AGENCY CONTROL NUMBER | |
| Record control number | 019766820 |
| Source | Uk |
| 020 ## - INTERNATIONAL STANDARD BOOK NUMBER | |
| International Standard Book Number | 9781789543926 |
| Qualifying information | (hbk.) : |
| 020 ## - INTERNATIONAL STANDARD BOOK NUMBER | |
| International Standard Book Number | 1789543924 |
| 020 ## - INTERNATIONAL STANDARD BOOK NUMBER | |
| Canceled/invalid ISBN | 9781789543940 (ePub ebook) |
| 035 ## - SYSTEM CONTROL NUMBER | |
| System control number | (OCoLC)on1158094359 |
| 040 ## - CATALOGING SOURCE | |
| Original cataloging agency | UKMGB |
| Language of cataloging | eng |
| Transcribing agency | UKMGB |
| Description conventions | rda |
| Modifying agency | OCLCO |
| -- | OCLCF |
| -- | DLC |
| 042 ## - AUTHENTICATION CODE | |
| Authentication code | lccopycat |
| 050 00 - LIBRARY OF CONGRESS CALL NUMBER | |
| Classification number | P115 |
| Item number | .HAR 2021 |
| 100 1# - MAIN ENTRY--PERSONAL NAME | |
| Personal name | Hardach, Sophie, |
| Dates associated with a name | 1979- |
| Relator term | author. |
| 245 10 - TITLE STATEMENT | |
| Title | Languages are good for you / |
| Statement of responsibility, etc. | Sophie Hardach. |
| 264 #1 - PRODUCTION, PUBLICATION, DISTRIBUTION, MANUFACTURE, AND COPYRIGHT NOTICE | |
| Place of production, publication, distribution, manufacture | London : |
| Name of producer, publisher, distributor, manufacturer | Head of Zeus Ltd, |
| Date of production, publication, distribution, manufacture, or copyright notice | 2021. |
| 300 ## - PHYSICAL DESCRIPTION | |
| Extent | xvii, 349 pages : |
| Other physical details | illustrations, maps ; |
| Dimensions | 24 cm |
| 336 ## - CONTENT TYPE | |
| Content type term | text |
| Source | rdacontent |
| 337 ## - MEDIA TYPE | |
| Media type term | unmediated |
| Source | rdamedia |
| 338 ## - CARRIER TYPE | |
| Carrier type term | volume |
| Source | rdacarrier |
| 504 ## - BIBLIOGRAPHY, ETC. NOTE | |
| Bibliography, etc. note | Includes bibliographical references and index. |
| 650 #0 - SUBJECT ADDED ENTRY--TOPICAL TERM | |
| Topical term or geographic name entry element | Multilingualism. |
| 776 08 - ADDITIONAL PHYSICAL FORM ENTRY | |
| Relationship information | ebook version : |
| International Standard Book Number | 9781789543940 |
| 906 ## - LOCAL DATA ELEMENT F, LDF (RLIN) | |
| a | 7 |
| b | cbc |
| c | copycat |
| d | 3 |
| e | ncip |
| f | 20 |
| g | y-gencatlg |
| 942 ## - ADDED ENTRY ELEMENTS (KOHA) | |
| Source of classification or shelving scheme | Library of Congress Classification |
| Koha item type | Books |
| Classification part | 115 |
| Item part | HAR |
| Call number prefix | P |
| Withdrawn status | Lost status | Source of classification or shelving scheme | Damaged status | Not for loan | Collection code | Home library | Current library | Shelving location | Date acquired | Source of acquisition | Total Checkouts | Full call number | Barcode | Date last seen | Copy number | Price effective from | Koha item type |
|---|---|---|---|---|---|---|---|---|---|---|---|---|---|---|---|---|---|
| Library of Congress Classification | Non-fiction | City Campus Library | City Campus Library | General Stacks | 06/09/2022 | Book Aid International | P115 HAR 2021 | 032416 | 06/09/2022 | c. 1 | 06/09/2022 | Books |